[Event "WCh Women 2018"]
[Site "Khanty-Mansiysk RUS"]
[Date "2018.11.06"]
[Round "2.1"]
[White "Lagno, Kateryna"]
[Black "Hoang, Thanh Trang"]
[Result "1/2-1/2"]
[WhiteTitle "GM"]
[BlackTitle "GM"]
[WhiteElo "2556"]
[BlackElo "2448"]
[WhiteFideId "14109336"]
[BlackFideId "12400149"]
[EventDate "2018.11.03"]

1. e4 e6 2. d4 d5 3. Nd2 c5 4. exd5 Qxd5 5. Ngf3 cxd4 6. Bc4 Qd6 7. O-O Nf6 8.
Nb3 Nc6 9. Nbxd4 Nxd4 10. Nxd4 Be7 11. c3 O-O 12. Qf3 Qc7 13. Bd3 Bd7 14. Re1
Rfe8 15. h3 a6 16. Bf4 Bd6 17. Bg5 Nd5 18. Be4 Nf4 19. Bxb7 Rab8 20. Bxa6 Rxb2
21. a4 h6 22. Bxf4 Bxf4 23. Bb5 e5 24. Bxd7 Qxd7 25. Nb5 Qd2 26. g3 Bg5 27. Rad1
Qc2 28. Nd6 Rf8 29. Nc4 Ra2 30. Nxe5 Bd2 31. Rf1 Qxc3 32. Qd5 Rxa4 33. Nf3 Bg5
34. Nxg5 hxg5 35. Qxg5 Qf3 36. Rd2 Re4 37. Rd8 Rxd8 38. Qxd8+ Kh7 39. Qd2 Re2
40. Qd4 Re6 41. Rc1 g6 42. Qh4+ Kg7 43. Qb4 Re2 44. Qc5 Kh7 45. Qa7 Kg7 46. Qa1+
Kh7 47. Rf1 Kg8 48. Qd4 Kh7 49. h4 Kg8 50. Rb1 Kh7 51. Rc1 Re4 52. Qc5 Re2 53.
Qd4 Re4 54. Qc3 Qxc3 55. Rxc3 f5 56. Kg2 Ra4 57. Kf3 Kh6 58. Rc6 Ra3+ 59. Kf4
Ra2 60. Ke3 Ra3+ 61. Kd2 Ra2+ 62. Rc2 Ra4 63. Kd3 Rb4 64. Rc7 Rb2 65. Ke3 Rb3+
66. Kf4 Rb2 67. Kf3 Rb3+ 68. Kg2 Rb2 69. Rf7 Ra2 70. Kf3 Rb2 71. Ke3 Ra2 72. Rd7
Ra3+ 73. Rd3 Ra4 74. Rd4 Ra3+ 75. Kf4 Ra2 76. f3 Ra3 77. Rb4 Rc3 78. Rb8 Rc5 79.
Re8 Ra5 80. Re7 Rb5 81. Re6 Ra5 82. Rc6 Rb5 83. Ra6 Rb4+ 84. Ke5 Rb3 85. Kf4
Rb4+ 86. Ke3 Rb3+ 87. Kf2 Rb2+ 88. Kf1 Rb1+ 89. Kg2 Rb2+ 90. Kh3 Rb3 91. f4 Rb1
92. Ra7 Rb6 93. Rc7 Ra6 94. Rb7 Rc6 95. Rf7 Rc5 96. Re7 Rc6 97. Rf7 Rc5 98. h5
g5 99. fxg5+ Kxg5 100. Rh7 Rc3 101. Kg2 1/2-1/2

[Event "WCh Women 2018"]
[Site "Khanty-Mansiysk RUS"]
[Date "2018.11.06"]
[Round "2.1"]
[White "Bodnaruk, Anastasia"]
[Black "Muzychuk, Anna"]
[Result "0-1"]
[WhiteTitle "IM"]
[BlackTitle "GM"]
[WhiteElo "2426"]
[BlackElo "2564"]
[WhiteFideId "4181751"]
[BlackFideId "14111330"]
[EventDate "2018.11.03"]

1. e4 c5 2. Nf3 Nc6 3. d4 cxd4 4. Nxd4 Nf6 5. Nc3 e5 6. Ndb5 d6 7. Bg5 a6 8. Na3
b5 9. Bxf6 gxf6 10. Nd5 f5 11. Bd3 Be6 12. O-O Bxd5 13. exd5 Ne7 14. c4 Bg7 15.
cxb5 e4 16. Bc4 Bxb2 17. bxa6 O-O 18. Nc2 Bxa1 19. Qxa1 Ng6 20. f4 exf3 21. Rxf3
Ne5 22. Rg3+ Kh8 23. Qd4 Qf6 24. Kh1 Rg8 25. Rxg8+ Rxg8 26. Bf1 f4 27. Ne1 Qf5
28. Bd3 Qg4 29. Bb5 f6 30. a7 f3 31. Qxg4 Nxg4 32. Nxf3 Ra8 33. a4 Rxa7 34. Nd2
Rc7 35. Kg1 Rc1+ 36. Nf1 Ne3 37. Kf2 Nxd5 38. Ne3 Nc3 39. Bd7 Ra1 40. Nf5 d5 41.
Bc6 Rc1 42. Bd7 Rc2+ 43. Kf3 d4 44. Nxd4 Rd2 45. Ke3 Rxg2 46. Kd3 Nd5 47. h4
Rg3+ 48. Kd2 Nb6 49. Bc6 Ra3 50. Nc2 Nc4+ 51. Ke2 Ra2 52. Kd1 Nb2+ 53. Kd2 Nxa4
54. h5 Nb6 55. Kc3 Ra5 56. Bf3 Kg7 57. Kd3 f5 58. Nd4 Kf6 59. Ke3 Nd5+ 60. Kf2
Nf4 61. Nc6 Ra2+ 62. Ke3 Kg5 63. Ne5 Ra3+ 64. Kf2 Nd3+ 0-1

[Event "WCh Women 2018"]
[Site "Khanty-Mansiysk RUS"]
[Date "2018.11.06"]
[Round "2.1"]
[White "Galliamova, Alisa"]
[Black "Goryachkina, Aleksandra"]
[Result "1-0"]
[WhiteTitle "IM"]
[BlackTitle "GM"]
[WhiteElo "2432"]
[BlackElo "2534"]
[WhiteFideId "4129725"]
[BlackFideId "4147103"]
[EventDate "2018.11.03"]

1. d4 d5 2. c4 c6 3. Nc3 Nf6 4. e3 e6 5. Nf3 Nbd7 6. Bd3 dxc4 7. Bxc4 b5 8. Bd3
Bd6 9. Qc2 Bb7 10. e4 e5 11. Bg5 h6 12. Bh4 O-O 13. O-O-O Qb8 14. Kb1 b4 15. Na4
Re8 16. Nc5 exd4 17. Nxb7 Qxb7 18. Nxd4 c5 19. Nf5 Be5 20. Rhf1 Qc7 21. Bb5 Reb8
22. Bc6 c4 23. Bxa8 Rxa8 24. f4 Bxf4 25. Rxd7 Nxd7 26. Ne7+ Kh8 27. Nd5 Qc5 28.
Nxf4 Qb5 29. Qe2 Nb6 30. Bf2 b3 31. a3 Rd8 32. Bxb6 axb6 33. Nd5 Qc6 34. Qf2 Qe6
35. Nc3 f6 36. g3 Rd3 37. Qf5 Qe8 38. e5 fxe5 39. Qf8+ Qxf8 40. Rxf8+ Kh7 41.
Kc1 Kg6 42. Rb8 Rf3 43. Rxb6+ Kf5 44. a4 Rf2 45. a5 Rc2+ 46. Kb1 e4 47. Rd6 Rf2
48. Rd1 e3 49. Re1 Rxh2 50. a6 Rd2 51. a7 Rd8 52. Rxe3 Kg4 53. Kc1 g5 54. Nd5
Ra8 55. Re7 Kxg3 56. Nb6 Rf8 57. a8=Q Rxa8 58. Nxa8 h5 59. Nb6 h4 60. Nxc4 h3
61. Rh7 1-0

[Event "WCh Women 2018"]
[Site "Khanty-Mansiysk RUS"]
[Date "2018.11.06"]
[Round "2.1"]
[White "Tokhirjonova, Gulrukhbegim"]
[Black "Tan, Zhongyi"]
[Result "1/2-1/2"]
[WhiteTitle "WGM"]
[BlackTitle "GM"]
[WhiteElo "2435"]
[BlackElo "2513"]
[WhiteFideId "14203626"]
[BlackFideId "8603642"]
[EventDate "2018.11.03"]

1. e4 e5 2. Nf3 Nf6 3. Nxe5 d6 4. Nf3 Nxe4 5. Nc3 Nxc3 6. dxc3 Nc6 7. Be3 Be7 8.
Bc4 Be6 9. Qe2 Qd7 10. O-O-O O-O 11. h4 Bxc4 12. Qxc4 Qe6 13. Qxe6 fxe6 14. Ng5
e5 15. c4 Nd4 16. Ne4 Nf5 17. Bg5 h6 18. Bxe7 Nxe7 19. f3 b6 20. Kd2 Rf4 21. h5
Raf8 22. a4 a5 23. c3 Kf7 24. Ke2 Ke6 25. Rh3 Ng8 26. Rg3 Kf7 27. Rh1 Nf6 28.
Nxf6 gxf6 29. b3 Rf5 30. Ke3 Rg5 31. Rxg5 fxg5 32. g3 Ke6 33. Ke4 c6 34. Rd1 Rd8
35. Ke3 Rd7 36. Rb1 Ra7 37. Rc1 Rg7 38. Rb1 g4 39. b4 gxf3 40. Kxf3 Ra7 41. bxa5
Rxa5 42. Rxb6 Rxa4 43. Rxc6 Kd7 44. Rb6 Rxc4 45. Rb7+ Ke6 46. Rh7 Rxc3+ 47. Kf2
e4 48. Rxh6+ Ke5 49. Rg6 Rc2+ 50. Ke3 Rc3+ 51. Kd2 Ra3 52. h6 d5 53. h7 Ra2+ 54.
Kc3 d4+ 55. Kc4 Rc2+ 56. Kb3 Rh2 57. Rg5+ Ke6 58. Rg4 Rxh7 59. Rxe4+ Kd5 60. Re8
Rh2 61. g4 Rg2 62. g5 Rxg5 63. Kc2 Rg3 64. Kd2 Kc4 65. Rc8+ Kd5 66. Rd8+ Kc4 1/2-1/2

[Event "WCh Women 2018"]
[Site "Khanty-Mansiysk RUS"]
[Date "2018.11.06"]
[Round "2.1"]
[White "Gunina, Valentina"]
[Black "Ushenina, Anna"]
[Result "1/2-1/2"]
[WhiteTitle "GM"]
[BlackTitle "GM"]
[WhiteElo "2497"]
[BlackElo "2440"]
[WhiteFideId "4167570"]
[BlackFideId "14110911"]
[EventDate "2018.11.03"]

1. d4 d5 2. c4 e6 3. Nf3 Nf6 4. g3 dxc4 5. Bg2 c5 6. O-O Nc6 7. dxc5 Qxd1 8.
Rxd1 Bxc5 9. Nbd2 c3 10. bxc3 O-O 11. Nb3 Be7 12. c4 Bd7 13. Bf4 Rac8 14. Rac1
Rfd8 15. Nfd4 Nxd4 16. Rxd4 Bc6 17. Bxc6 Rxc6 18. Rxd8+ Bxd8 19. Nd4 Rc8 20. c5
Nd5 21. Bd2 Kf8 22. c6 bxc6 23. Nxc6 Bb6 24. a4 Ke8 25. a5 Bd8 26. Kf1 Ne7 27.
Nxa7 1/2-1/2

[Event "WCh Women 2018"]
[Site "Khanty-Mansiysk RUS"]
[Date "2018.11.06"]
[Round "2.1"]
[White "Socko, Monika"]
[Black "Alinasab, Mobina"]
[Result "0-1"]
[WhiteTitle "GM"]
[BlackTitle "WIM"]
[WhiteElo "2463"]
[BlackElo "2236"]
[WhiteFideId "1106619"]
[BlackFideId "12528897"]
[EventDate "2018.11.03"]

1. d4 d5 2. c4 dxc4 3. e3 Nf6 4. Nf3 a6 5. Bxc4 b5 6. Bb3 Bb7 7. O-O e6 8. a4 b4
9. Nbd2 Nbd7 10. Qe2 c5 11. Rd1 Be7 12. e4 cxd4 13. e5 Nd5 14. Ne4 Qb8 15. Ng3
d3 16. Qe1 O-O 17. Bc4 Nc5 18. Bxd3 Nxd3 19. Rxd3 Rc8 20. Ne4 a5 21. Bg5 Bf8 22.
Rc1 h6 23. Bd2 Ba6 24. Rd4 Qb6 25. g4 Rxc1 26. Bxc1 Be7 27. g5 h5 28. Ng3 g6 29.
Ne4 Rc8 30. Rd1 Bb7 31. h3 Rc2 32. Rd2 Qc7 33. Rxc2 Qxc2 34. Qd2 Qxe4 0-1

[Event "WCh Women 2018"]
[Site "Khanty-Mansiysk RUS"]
[Date "2018.11.06"]
[Round "2.1"]
[White "Dzagnidze, Nana"]
[Black "Lei, Tingjie"]
[Result "1/2-1/2"]
[WhiteTitle "GM"]
[BlackTitle "GM"]
[WhiteElo "2516"]
[BlackElo "2457"]
[WhiteFideId "13601903"]
[BlackFideId "8605114"]
[EventDate "2018.11.03"]

1. c4 e6 2. Nf3 d5 3. b3 Nf6 4. Bb2 Be7 5. g3 O-O 6. Bg2 b6 7. O-O Bb7 8. e3 c5
9. Nc3 Qc8 10. cxd5 Nxd5 11. Nxd5 Bxd5 12. d3 Rd8 13. Qe2 Qa6 14. Rfd1 Nd7 15.
e4 Bc6 16. Qe3 Qb7 17. h4 Bf6 18. Bxf6 Nxf6 19. Ne5 Qc7 20. Nxc6 Qxc6 21. d4
cxd4 22. Rxd4 e5 23. Rc4 Qd7 24. Rac1 Rac8 25. Bf1 Rxc4 26. Rxc4 h6 27. Be2 Rc8
28. Kg2 Rxc4 29. Bxc4 Qc6 1/2-1/2

[Event "WCh Women 2018"]
[Site "Khanty-Mansiysk RUS"]
[Date "2018.11.06"]
[Round "2.1"]
[White "Khotenashvili, Bela"]
[Black "Harika, Dronavalli"]
[Result "1/2-1/2"]
[WhiteTitle "GM"]
[BlackTitle "GM"]
[WhiteElo "2477"]
[BlackElo "2498"]
[WhiteFideId "13602640"]
[BlackFideId "5015197"]
[EventDate "2018.11.03"]

1. d4 Nf6 2. Bg5 g6 3. Bxf6 exf6 4. e3 d5 5. c4 dxc4 6. Bxc4 Bd6 7. Nc3 c6 8.
Nf3 Qe7 9. h3 O-O 10. a3 Nd7 11. O-O Nb6 12. Bd3 Be6 13. Ne4 c5 14. dxc5 Bxc5
15. Nxc5 Qxc5 16. Nd4 Rfd8 17. Nxe6 fxe6 18. Qe2 Qe7 19. Rac1 Rac8 20. Be4 Rxc1
21. Rxc1 Nc8 22. Bb1 Nd6 23. Ba2 Kg7 24. Qg4 e5 25. Qe6 Qxe6 26. Bxe6 Ne8 27. e4
Kf8 28. Bd5 b6 29. h4 Ke7 30. f3 f5 31. Rc6 Rd6 32. Rc8 Nf6 33. Bb7 f4 34. Rc2
h6 35. Bc8 a5 36. Kf2 Kd8 37. Ba6 g5 38. hxg5 hxg5 39. g4 Nd7 40. Rc8+ Ke7 41.
Ke1 Nc5 42. Bc4 Nd3+ 43. Bxd3 Rxd3 44. Ke2 Re3+ 45. Kf2 Rb3 46. Rc2 Kd6 47. Ke2
a4 48. Kf2 b5 49. Ke2 b4 50. axb4 Rxb4 51. Kd2 Rb5 52. Kd3 Rb7 53. Kd2 Rb8 54.
Ke1 Rh8 55. Rc4 Rh3 56. Ke2 Rh2+ 57. Kd3 Rxb2 58. Rxa4 Kc5 59. Kc3 Rf2 60. Ra5+
Kd6 61. Kc4 Rc2+ 62. Kd3 Rf2 63. Kc4 Rc2+ 64. Kd3 1/2-1/2

[Event "WCh Women 2018"]
[Site "Khanty-Mansiysk RUS"]
[Date "2018.11.06"]
[Round "2.1"]
[White "Stefanova, Antoaneta"]
[Black "Saduakassova, Dinara"]
[Result "1/2-1/2"]
[WhiteTitle "GM"]
[BlackTitle "IM"]
[WhiteElo "2490"]
[BlackElo "2474"]
[WhiteFideId "2902257"]
[BlackFideId "13700090"]
[EventDate "2018.11.03"]

1. d4 Nf6 2. c4 e6 3. g3 d5 4. Nf3 Be7 5. Bg2 O-O 6. O-O dxc4 7. Qc2 b5 8. a4 b4
9. Nfd2 c6 10. Nxc4 Qxd4 11. Rd1 Qc5 12. Nbd2 Rd8 13. b3 Ba6 14. Bb2 Nbd7 15.
Rac1 Qh5 16. Bf3 Ng4 17. Nf1 Bf6 18. Nce3 Nxe3 19. Nxe3 Qa5 20. Bxf6 Nxf6 21.
Rxd8+ Qxd8 22. Rd1 Qc7 23. Qxc6 Qxc6 24. Bxc6 Rc8 25. Bf3 Kf8 26. Rd6 Rc1+ 27.
Kg2 Bc8 28. Nc4 Nd7 29. a5 Rc3 30. Rc6 Bb7 31. Rc7 Bxf3+ 32. exf3 Ne5 33. Rxa7
Nxc4 34. bxc4 Rxc4 35. Rb7 b3 36. Rxb3 Ra4 37. Rb5 Ke7 38. h4 f5 39. h5 Kf6 40.
f4 g5 41. hxg6 hxg6 42. Kf3 Ra2 43. Ke3 g5 44. fxg5+ Kxg5 45. Re5 Ra3+ 46. Kd4
Kg4 47. Kc4 Ra2 48. Kb3 Rxf2 49. a6 Rd2 50. a7 Rd8 51. Rxe6 Kxg3 52. Rg6+ Kf4
53. Ra6 Ra8 54. Kc4 Ke5 55. Kc5 f4 56. Kb6 f3 57. Kb7 Rxa7+ 58. Rxa7 f2 59. Ra1
Ke4 60. Kc6 Ke3 61. Kd5 Ke2 62. Ra2+ Ke1 63. Ra1+ Ke2 1/2-1/2

[Event "WCh Women 2018"]
[Site "Khanty-Mansiysk RUS"]
[Date "2018.11.06"]
[Round "2.1"]
[White "Zhu, Jiner"]
[Black "Pogonina, Natalija"]
[Result "1-0"]
[WhiteTitle "WIM"]
[BlackTitle "WGM"]
[WhiteElo "2379"]
[BlackElo "2465"]
[WhiteFideId "8608059"]
[BlackFideId "4147855"]
[EventDate "2018.11.03"]

1. e4 e5 2. Nc3 Nf6 3. g3 Be7 4. Bg2 O-O 5. Nge2 c5 6. d3 d6 7. h3 Nc6 8. f4 Rb8
9. a4 a6 10. f5 h6 11. O-O b5 12. axb5 axb5 13. Nd5 Nxd5 14. exd5 Nd4 15. c3
Nxe2+ 16. Qxe2 Bb7 17. Be4 Bf6 18. h4 Re8 19. Qh5 Ra8 20. Rxa8 Bxa8 21. Kh2 c4
22. dxc4 bxc4 23. Kh3 Qa5 24. Qf3 Rb8 25. g4 Rb5 26. g5 hxg5 27. hxg5 Bd8 28.
Rd1 Qa7 29. Kg3 Qb7 30. Qh5 Rxb2 31. f6 gxf6 32. Qh7+ Kf8 33. g6 Rb3 34. g7+ Ke7
35. g8=Q Rxc3+ 36. Kh2 1-0

[Event "WCh Women 2018"]
[Site "Khanty-Mansiysk RUS"]
[Date "2018.11.06"]
[Round "2.1"]
[White "Abdumalik, Zhansaya"]
[Black "Zhao, Xue"]
[Result "1/2-1/2"]
[WhiteTitle "IM"]
[BlackTitle "GM"]
[WhiteElo "2473"]
[BlackElo "2478"]
[WhiteFideId "13703544"]
[BlackFideId "8601283"]
[EventDate "2018.11.03"]

1. e4 e5 2. Nf3 Nf6 3. Nxe5 d6 4. Nf3 Nxe4 5. Nc3 Nxc3 6. dxc3 Be7 7. Be3 Nc6 8.
Qd2 Be6 9. O-O-O Qd7 10. Kb1 a6 11. h4 h6 12. Nd4 Nxd4 13. Bxd4 Rg8 14. h5 c5
15. Be3 Qa4 16. b3 Qa5 17. c4 Qxd2 18. Rxd2 O-O-O 19. Be2 d5 20. cxd5 Rxd5 21.
Bc4 Re5 22. Bxe6+ Rxe6 23. Rhd1 b6 24. a4 a5 25. c4 Bg5 26. Bxg5 hxg5 27. Rd5 f6
28. R1d2 Rge8 29. Kc2 1/2-1/2

[Event "WCh Women 2018"]
[Site "Khanty-Mansiysk RUS"]
[Date "2018.11.06"]
[Round "2.1"]
[White "Zhai, Mo"]
[Black "Batsiashvili, Nino"]
[Result "1-0"]
[WhiteTitle "WGM"]
[BlackTitle "GM"]
[WhiteElo "2352"]
[BlackElo "2465"]
[WhiteFideId "8600201"]
[BlackFideId "13602993"]
[EventDate "2018.11.03"]

1. d4 Nf6 2. c4 e6 3. Nc3 Bb4 4. Nf3 b6 5. Bd2 Bb7 6. e3 O-O 7. Bd3 d5 8. cxd5
exd5 9. Rc1 Be7 10. O-O c5 11. dxc5 bxc5 12. Re1 Nc6 13. b3 Re8 14. Na4 Ne4 15.
Qc2 Bd6 16. Red1 Re6 17. Be1 Qe7 18. Nc3 Nb4 19. Qb1 Rh6 20. h3 Rd8 21. Ne2 Nxd3
22. Qxd3 Bc7 23. Qc2 Bb8 24. Nd2 d4 25. Nxe4 Bxe4 26. Qxc5 Bd6 27. Qxd4 Bb7 28.
Ng3 Rg6 29. Bb4 h5 30. h4 Kh7 31. Bxd6 Rgxd6 32. Qa1 Qxh4 33. Rxd6 Rxd6 34.
Qxg7+ Kxg7 35. Nf5+ Kf6 36. Nxh4 Ra6 37. Rc7 Bd5 38. Rc5 Ke6 39. Rc2 Ra3 40. Nf3
Bxf3 41. gxf3 a5 42. Kg2 Kf5 43. Kg3 Kg5 44. Rd2 f6 45. Rc2 Kf5 46. Rc4 Rxa2 47.
Ra4 Rb2 48. Rxa5+ Ke6 49. Rb5 Rb1 50. Kg2 h4 51. Rb6+ Ke5 52. b4 f5 53. f4+ Kd5
54. Rf6 Ke4 55. Re6+ Kd3 56. Re5 Ke2 57. Rxf5 Rxb4 58. Kh3 Kxf2 59. Re5 Rb8 60.
Kxh4 Rg8 61. f5 Kf3 62. f6 Rg6 63. Re6 Ke2 64. Kh5 1-0

[Event "WCh Women 2018"]
[Site "Khanty-Mansiysk RUS"]
[Date "2018.11.07"]
[Round "2.2"]
[White "Koneru, Humpy"]
[Black "Zawadzka, Jolanta"]
[Result "0-1"]
[WhiteTitle "GM"]
[BlackTitle "WGM"]
[WhiteElo "2548"]
[BlackElo "2407"]
[WhiteFideId "5008123"]
[BlackFideId "1122320"]
[EventDate "2018.11.03"]

1. d4 d5 2. c4 e6 3. Nf3 Nf6 4. Nc3 dxc4 5. e3 a6 6. Bxc4 b5 7. Bd3 Bb7 8. O-O
c5 9. Qe2 Nbd7 10. Rd1 Qb8 11. b3 Be7 12. Bb2 O-O 13. Rac1 Rc8 14. Bb1 Nb6 15.
dxc5 Rxc5 16. Nd2 Qe8 17. Nce4 Nxe4 18. Nxe4 Rxc1 19. Rxc1 Rc8 20. Rxc8 Qxc8 21.
Qd3 Nd5 22. Ng3 g6 23. Ne4 Qc6 24. f3 f6 25. h4 Qb6 26. Bd4 Qa5 27. Kf2 e5 28.
Bc5 Bxc5 29. Nxc5 Bc6 30. h5 f5 31. hxg6 hxg6 32. g4 Qd8 33. Ne6 Qh4+ 34. Ke2
Qh2+ 35. Kf1 Qh1+ 36. Kf2 Qh2+ 37. Kf1 b4 38. Nc7 Qh1+ 39. Kf2 Qh2+ 40. Ke1 Qg1+
41. Kd2 Qf2+ 42. Kc1 Qe1+ 43. Kc2 Nxc7 44. Qc4+ Nd5 45. Qxc6 Qe2+ 46. Kc1 Qxe3+
47. Kb2 Qd4+ 48. Kc1 Qc3+ 49. Qxc3 Nxc3 50. Bd3 e4 51. Bc4+ Kg7 52. gxf5 gxf5
53. fxe4 fxe4 54. Bxa6 Nxa2+ 55. Kd2 Kf6 56. Ke3 Ke5 57. Bf1 Nc3 58. Bc4 Nd5+
59. Kd2 Kd4 60. Ke2 Nf4+ 61. Kf2 Ng6 62. Ke2 Ne5 63. Bb5 Nf7 64. Kd2 Nd6 65. Bf1
Ke5 66. Ba6 Kf4 67. Ke2 Nf5 68. Bc4 Ng3+ 69. Kf2 e3+ 70. Ke1 Ke4 71. Ba6 Kd4 72.
Bc4 Ne4 73. Ke2 Nc5 74. Bg8 Nd3 75. Bc4 Nf4+ 76. Ke1 Kc3 77. Kd1 e2+ 78. Ke1 Kc2 0-1

[Event "WCh Women 2018"]
[Site "Khanty-Mansiysk RUS"]
[Date "2018.11.07"]
[Round "2.2"]
[White "Hoang, Thanh Trang"]
[Black "Lagno, Kateryna"]
[Result "1/2-1/2"]
[WhiteTitle "GM"]
[BlackTitle "GM"]
[WhiteElo "2448"]
[BlackElo "2556"]
[WhiteFideId "12400149"]
[BlackFideId "14109336"]
[EventDate "2018.11.03"]

1. d4 Nf6 2. Nf3 g6 3. Bf4 Bg7 4. e3 O-O 5. Be2 c5 6. c3 Qb6 7. Qb3 d6 8. Nbd2
Be6 9. Bc4 Bxc4 10. Nxc4 Qa6 11. O-O cxd4 12. cxd4 Nc6 13. h3 b5 14. Ncd2 Qb6
15. Rfc1 Na5 16. Qd3 Rac8 17. Bg5 h6 18. Bxf6 Bxf6 19. Ne4 Bg7 20. Rc2 Qb7 21.
Rac1 a6 22. Rxc8 Rxc8 23. Rxc8+ Qxc8 24. Qc3 Qxc3 25. Nxc3 e6 26. Kf1 Kf8 27.
Ke2 Ke7 28. Kd3 Kd7 29. b3 Nc6 1/2-1/2

[Event "WCh Women 2018"]
[Site "Khanty-Mansiysk RUS"]
[Date "2018.11.07"]
[Round "2.2"]
[White "Muzychuk, Anna"]
[Black "Bodnaruk, Anastasia"]
[Result "1-0"]
[WhiteTitle "GM"]
[BlackTitle "IM"]
[WhiteElo "2564"]
[BlackElo "2426"]
[WhiteFideId "14111330"]
[BlackFideId "4181751"]
[EventDate "2018.11.03"]

1. e4 c5 2. Nf3 Nc6 3. Bb5 g6 4. O-O Bg7 5. c3 Nf6 6. Re1 O-O 7. d4 d5 8. e5 Ne4
9. Bxc6 bxc6 10. Nbd2 Nxd2 11. Nxd2 f6 12. e6 cxd4 13. cxd4 Qd6 14. Nb3 f5 15.
Bd2 f4 16. Rc1 Rb8 17. Qc2 Rb6 18. Ba5 Ra6 19. Qd2 f3 20. g3 Rf6 21. Bb4 Qd8 22.
a3 Qf8 23. Rc3 Bh6 24. Qd1 Rb6 25. Nc5 a5 26. Bxa5 Rxb2 27. Nd7 Bxd7 28. exd7
Rd6 29. d8=Q Rxd8 30. Rxf3 Qe8 31. Bxd8 Qxd8 32. Rb3 Rd2 33. Qg4 Bf8 34. Qf4 1-0

[Event "WCh Women 2018"]
[Site "Khanty-Mansiysk RUS"]
[Date "2018.11.07"]
[Round "2.2"]
[White "Goryachkina, Aleksandra"]
[Black "Galliamova, Alisa"]
[Result "0-1"]
[WhiteTitle "GM"]
[BlackTitle "IM"]
[WhiteElo "2534"]
[BlackElo "2432"]
[WhiteFideId "4147103"]
[BlackFideId "4129725"]
[EventDate "2018.11.03"]

1. e4 e5 2. Nf3 Nc6 3. Bb5 g6 4. c3 a6 5. Ba4 Bg7 6. d4 exd4 7. cxd4 b5 8. Bc2
d6 9. h3 Nf6 10. Nc3 O-O 11. O-O Bb7 12. Bg5 h6 13. Bh4 Qd7 14. a3 Na5 15. Re1
Rfe8 16. Qc1 Kh7 17. Qf4 Nh5 18. Qh2 Nc4 19. g4 Nf6 20. Qf4 Ng8 21. Ne2 Nxb2 22.
Ng3 c5 23. g5 cxd4 24. gxh6 Bxh6 25. Ng5+ Kg7 26. Qd2 Nc4 27. Qxd4+ f6 28. Kg2
Bc8 29. Rh1 Qa7 30. Nf3 Qxd4 31. Nxd4 Kf7 32. Nge2 Bb7 33. f3 d5 34. exd5 Ne3+
35. Kf2 Nxc2 36. Nxc2 Bxd5 37. Rhd1 Rad8 38. Nc3 Bb3 39. Rxd8 Rxd8 40. Ne1 Rd2+
41. Kg1 Be3+ 42. Kh1 g5 43. Bg3 f5 44. Rb1 Bc4 45. a4 f4 46. Bh2 Nf6 47. axb5
axb5 48. Bg1 Kg6 49. Ng2 Bxg1 50. Kxg1 Rd3 51. Nxb5 Rxf3 52. h4 Rg3 53. hxg5 Ng4 0-1

[Event "WCh Women 2018"]
[Site "Khanty-Mansiysk RUS"]
[Date "2018.11.07"]
[Round "2.2"]
[White "Atalik, Ekaterina"]
[Black "Muzychuk, Mariya"]
[Result "0-1"]
[WhiteTitle "IM"]
[BlackTitle "GM"]
[WhiteElo "2445"]
[BlackElo "2545"]
[WhiteFideId "4130189"]
[BlackFideId "14114550"]
[EventDate "2018.11.03"]

1. d4 Nf6 2. c4 c5 3. d5 b5 4. Qc2 Na6 5. a3 bxc4 6. e4 g6 7. Bxc4 Nc7 8. Nf3
Bg7 9. O-O d6 10. h3 O-O 11. Nc3 Rb8 12. Rb1 Nd7 13. Bf4 Nb6 14. Ba2 Ba6 15.
Rfd1 Qd7 16. e5 Nb5 17. Ne2 Rfc8 18. e6 fxe6 19. dxe6 Qb7 20. Qd2 c4 21. Bh6 Bf6
22. Ng5 d5 23. Qf4 Nd6 24. Ng3 Qc7 25. Qg4 c3 26. bxc3 Qxc3 27. Nf7 Qxa3 28. Nh5
Ne4 29. Nf4 Qxa2 30. Nxg6 Qxf2+ 31. Kh1 Qe1+ 32. Rxe1 Nf2+ 33. Kh2 Nxg4+ 34.
hxg4 hxg6 35. g5 Bc3 36. Re3 d4 37. Rh3 d3 38. Rf1 d2 39. Rf6 exf6 40. gxf6 Bxf6 0-1

[Event "WCh Women 2018"]
[Site "Khanty-Mansiysk RUS"]
[Date "2018.11.07"]
[Round "2.2"]
[White "Tan, Zhongyi"]
[Black "Tokhirjonova, Gulrukhbegim"]
[Result "1/2-1/2"]
[WhiteTitle "GM"]
[BlackTitle "WGM"]
[WhiteElo "2513"]
[BlackElo "2435"]
[WhiteFideId "8603642"]
[BlackFideId "14203626"]
[EventDate "2018.11.03"]

1. d4 d5 2. c4 dxc4 3. Nf3 Nf6 4. e3 Bg4 5. Bxc4 e6 6. h3 Bh5 7. Nc3 c5 8. O-O
Nc6 9. d5 exd5 10. Nxd5 Be7 11. Nf4 Qxd1 12. Rxd1 Bxf3 13. gxf3 g5 14. Ne2 Ne5
15. Bb5+ Kf8 16. f4 Nf3+ 17. Kg2 Nh4+ 18. Kf1 gxf4 19. Nxf4 Ng6 20. Ne2 Kg7 21.
Ng3 Rhd8 22. Bd2 Kg8 23. Nf5 Bf8 24. Bc3 Ne4 25. Ba5 b6 26. Bc6 bxa5 27. Bxe4
Rab8 28. b3 Ne7 29. Nd6 a4 30. Nb7 Rxd1+ 31. Rxd1 axb3 32. axb3 Rc8 33. Ra1 Nc6
34. Ra6 Nb4 35. Rxa7 c4 36. bxc4 Rxc4 37. Bf3 Rc1+ 38. Kg2 Rc2 39. Nd8 Nd3 40.
Nxf7 Nxf2 41. Kg3 Rd2 42. e4 Rd3 43. e5 Nxh3 44. Kxh3 1/2-1/2

[Event "WCh Women 2018"]
[Site "Khanty-Mansiysk RUS"]
[Date "2018.11.07"]
[Round "2.2"]
[White "Ushenina, Anna"]
[Black "Gunina, Valentina"]
[Result "0-1"]
[WhiteTitle "GM"]
[BlackTitle "GM"]
[WhiteElo "2440"]
[BlackElo "2497"]
[WhiteFideId "14110911"]
[BlackFideId "4167570"]
[EventDate "2018.11.03"]

1. d4 Nf6 2. c4 e6 3. Nc3 Bb4 4. f3 O-O 5. a3 Bxc3+ 6. bxc3 Nc6 7. e4 d6 8. Bd3
e5 9. Ne2 b6 10. O-O Qe7 11. Be3 Nh5 12. g4 Nf6 13. Ng3 Na5 14. g5 Ne8 15. f4 f6
16. Ra2 Be6 17. gxf6 Nxf6 18. fxe5 dxe5 19. Nf5 Bxf5 20. Rxf5 Nd7 21. Rg2 Rxf5
22. exf5 Rf8 23. Bh6 Rf7 24. c5 exd4 25. cxb6 axb6 26. Bb1 Nc4 27. cxd4 b5 28.
Bg5 Qxa3 29. Ra2 Qd6 30. Be4 Rf8 31. Kh1 Nf6 32. Bg2 Re8 33. Re2 Rxe2 34. Qxe2
Qxd4 35. Qe6+ Kf8 36. Qc8+ Ne8 37. Bc6 Nd6 38. Qd7 Qd1+ 39. Kg2 Qg4+ 0-1

[Event "WCh Women 2018"]
[Site "Khanty-Mansiysk RUS"]
[Date "2018.11.07"]
[Round "2.2"]
[White "Alinasab, Mobina"]
[Black "Socko, Monika"]
[Result "1-0"]
[WhiteTitle "WIM"]
[BlackTitle "GM"]
[WhiteElo "2236"]
[BlackElo "2463"]
[WhiteFideId "12528897"]
[BlackFideId "1106619"]
[EventDate "2018.11.03"]

1. e4 g6 2. d4 d6 3. Nc3 Bg7 4. f4 Nf6 5. Nf3 O-O 6. e5 dxe5 7. fxe5 Nd5 8. Nxd5
Qxd5 9. Be2 c5 10. c4 Qe4 11. dxc5 Nc6 12. Qd5 Qg4 13. Ng5 Qd4 14. Nf3 Qg4 15.
Ng5 Qf5 16. Rf1 e6 17. Qe4 Qxe5 18. Qxe5 Bxe5 19. Ne4 f5 20. Nd6 Bxh2 21. Bg5
Bg3+ 22. Kd2 Be5 23. Rab1 Bf6 24. Bxf6 Rxf6 25. Bf3 Bd7 26. b4 Rb8 27. b5 Na5
28. Kc3 e5 29. Rbd1 Be6 30. Kb4 b6 31. c6 Kg7 32. Bd5 Bd7 33. c5 bxc5+ 34. Kxc5
Rb6 35. cxd7 Rfxd6 36. Ba8 Rxd1 37. Rxd1 1-0